Countries by Largest Urban Park - Statistics

General Stats
  • This quiz has been taken 39 times
  • The average score is 7 of 10
Answer Stats
Park Size (acres) Country % Correct
Chugach State Park 495,199.2 United States
100%
Lee Valley Park 10,000 United Kingdom
94%
Gatineau Park 89,205 Canada
90%
Pedra Branca State Park 30,626.2 Brazil
81%
Losiny Ostrov National Park 28,664.2 Russia
81%
Sanjay Gandhi National Park 25,659.4 India
74%
Appian Way Regional Park 11,317.4 Italy
65%
Table Mountain National Park 54,610.3 South Africa
58%
Bukhansan National Park 19,748.7 South Korea
45%
Margalla Hills National Park 42,961.7 Pakistan
42%
No matching quizzes found
Score Distribution
Percent of People with Each Score
Percentile by Number Answered
Your Score History
You have not taken this quiz